LEADER 01186nam--2200373---450- 001 990001860920203316 005 20060113140830.0 035 $a000186092 035 $aUSA01000186092 035 $a(ALEPH)000186092USA01 035 $a000186092 100 $a20040719g1950----km-y0itay0103----ba 101 0 $aita 102 $aIT 105 $a||||||||001yy 200 1 $a<> civiltà letteraria italiana$estoria e antologia con cenni sulle letterature straniere$eper le scuole medie superiori$fRaffaello Ramat 210 $aFirenze$cSansoni$d1950- 215 $av.$d23 cm 327 1 $a<<1.>>: Da San Francesco a Savonarola. - IV, 1267 p. 410 0$12001 454 1$12001 461 1$1001-------$12001 517 $aDa San Francesco a Savonarola 606 0 $aLetteratura italiana$xOrigini$ySec. 15.$xAntologie 700 1$aRAMAT,$bRaffaello$0164842 801 0$aIT$bsalbc$gISBD 912 $a990001860920203316 951 $aVI.3.C. 209/1(V B 90)$b7218 L.M.$cV B 959 $aBK 969 $aUMA 979 $aSIAV4$b10$c20040719$lUSA01$h1035 979 $aCOPAT3$b90$c20060113$lUSA01$h1408 996 $aCiviltà letteraria italiana$9956289 997 $aUNISA LEADER 02005nam2 22003973i 450 001 CFI0029349 005 20231121125428.0 020 $aIT$b817102 100 $a20030219e19801914||||0itac50 ba 101 | $aeng 102 $ait 181 1$6z01$ai $bxxxe 182 1$6z01$an 200 1 $a˜1: œText$fby E. A. Loew [i.e. Lowe] 210 $aRoma$cEdizioni di Storia e Letteratura$d1980 215 $aXIX, 361 p., [10] c. di tav.$cc. geogr., facs.$d25 cm 300 $aRipr. facs. dell'ed.: Oxford : Clarendon press, 1914 300 $aPubblicato con il contributo della Scuola Speciale per Archivisti e Bibliotecari dell'Università di Roma. 461 1$1001CFI0029353$12001 $a˜The œBeneventan script$ea history of the south Italian minuscule$fby E. A. Loew [i.e. Lowe]$v1 700 1$aLowe$b, Elias Avery$3CFIV018213$4070$0206796 790 1$aLoew$b, Elias Avery$3CFIV018215$zLowe, Elias Avery 790 1$aLoew$b, E. A.$3CFIV237192$zLowe, Elias Avery 790 1$aAvery Lowe$b, Elias$3CFIV237274$zLowe, Elias Avery 801 3$aIT$bIT-01$c20030219 850 $aIT-RM0290 $aIT-RM0281 $aIT-RM0459 $aIT-FR0084 $aIT-RM0460 $aIT-FR0017 899 $aBIBLIOTECA ANGELICA$bRM0290 899 $aBIBLIOTECA VALLICELLIANA$bRM0281 899 $aARCHIVIO DI STATO DI ROMA$bRM0459 899 $aBiblioteca Del Monumento Nazionale Di Montecassino$bFR0084 899 $aBiblioteca Dell' Archivio Centrale Dello Stato$bRM0460 899 $aBiblioteca umanistica Giorgio Aprea$bFR0017 $eN 912 $aCFI0029349 950 2$aBiblioteca umanistica Giorgio Aprea$d 52MAG 7 Coll D/2 -33$e 52MAG0000081895 VMB RS $fA $h20120516$i20120516$d 52SALA BRAGAS.S.L. 267.1.33$e 52COB0000905795 VMB RS $fA $h20161123$i20161123 977 $a 06$a 08$a 12$a 25$a 27$a 52 996 $aText$9945755 997 $aUNICAS